Vanuatu Trivia Quiz - Statistieken

Algemene statistieken
  • Deze quiz is 250 keer genomen
  • De gemiddelde score is 10 van 19
Antwoordstatistieken
Hoofdstad Antwoord % Correct
Officiële talen Engels
96%
Officiële talen Frans
82%
Frans overzees gebied dat net ten zuidwesten van Vanuatu ligt Nieuw-{Caledonië}
80%
Hoofdstad van Vanuatu Port Vila
67%
Deel van de Stille Oceaan waar Vanuatu in ligt {Mela}nesië
64%
Britse zeekapitein die Vanuatu die naam gaf James Cook
58%
De laatste geregistreerde beoefening van dit ‘isme’ vond plaats in 1969 {Kannibal}isme
57%
Moderne activiteit vergelijkbaar met traditioneel Vanuatuaans "landduiken" {Bungee}jumpen
56%
Voedselproduct dat goed is voor 71% van de export Vis
52%
Wat Vanuatu verkoopt voor $ 150.000, een van de goedkoopste prijzen voor dit ter wereld {Burger}schap
50%
Grootste eiland van Vanuatu Espiritu {Santo}
47%
Brits lid van het koningshuis, geboren in 1921, die door het Kastom-volk als een goddelijk wezen wordt aanbeden Prins Philip
46%
Zee gelegen tussen Vanuatu en Australië Koraalzee
43%
Voormalige naam van Vanuatu voordat het in 1980 onafhankelijk werd Nieuwe {Hebriden}
37%
Officiële talen Bislama
35%
Valuta van Vanuatu Vatu
34%
Vanuatu's meest bevolkte stad en de belangrijkste stad van dat eiland {Lugan}ville
31%
Vanuatu heeft er 113 van, de hoogste per hoofd ter wereld Inheemse talen
29%
Plant waarvan de wortels worden bereid tot een kalmerende drank Kava
25%
Geen overeenkomende quizzen gevonden
Scoreverdeling
Procent van Mensen met Elke Score
Percentiel versus Aantal Correcte Antwoorden
Uw Scoregeschiedenis
U heeft deze quiz nog niet genomen